Sports Quiz

Random Sports Quiz

Can You Name The First Name Of Dreadnought players? Quiz Stats

 Plays Quiz not verified by Sporcle

Support Sporcle.
Go Orange.
Score 0/15 Timer 10:00
0 Plays Today
Hint Answer % Correct
Last Name: PenningtonAddison
100%
Last Name: AdkinsDemarcus
75%
Last Name: StricklandMarcus
75%
Last Name: JeanpierreRobert
75%
Last Name: HopeAli
75%
Last Name: AtogweClinton
75%
Last Name: TurnerPatrick
75%
Last Name: ObiRuben
75%
Hint Answer % Correct
Last Name: HerronEugene
50%
Last Name: LincolnRickey
50%
Last Name: MckinnieAngel
50%
Last Name: Page MossKaiwi
50%
Last Name: Taliafero (The Goat)Joe
50%
Last Name: GhentDiamond
50%
Last Name: LevingstonTavares
50%

You're not logged in!

Compare scores with friends on all Sporcle quizzes.
OR
Log In

From the Vault

Three's Company Lyrics

by dariafan878

We'd just like to thank the Three's Company wardrobe department for Mr. Furley's amazing costumes.
Remove Ads.
Support Sporcle.
Get the best of Sporcle when you Go Orange. This ad-free experience offers more features, more stats, and more fun while also helping to support Sporcle. Thank you for becoming a member.

Show Comments

Extras

Created Feb 8, 2017ReportNominate
Tags:Dreadnought, first, Player

Top Quizzes Today


Score Distribution

Your Account Isn't Verified!

In order to create a playlist on Sporcle, you need to verify the email address you used during registration. Go to your Sporcle Settings to finish the process.

Report this User

Report this user for behavior that violates our Community Guidelines.

Details: